00836nam a2200217 a 450000100100000000500170001000800410002702000150006804000250008310000270010824500990013526000580023430000540029249000080034650000210035450400730037550400330044883000150048195201050049699900170060100004282620201002040427.0140210s2006 sp ac 001 0 spa d a8487641253 aDO-SdBNPbspacBNPHU1 aOlmos, Víctor97019013aLa Casa de los Periodistas :bAsociación de la Prensa de Madrid 1895-1950 /cVíctor Olmos. aMadrid :bAsociación de la Prensa de Madrid,c2006. a706 p.,[60] p. de lám ; :bil., retr. ;c25 cm.1 aAPM aIncluye índice aIncluye referencias bibliográficas y notas al pie de las páginas aBibliografía : p. 681 -685 0aAPM970191 001050718MOaGRbGRcCTd2014-02-10iLF1l0o p42826-10r2020-06-25w2020-06-25y1ZNo se presta c42315d42315